KFZ-Kennzeichen mit 3 Buchstaben - Statistiken

Allgemein
  • Dieses Quiz wurde 99 mal gespielt
  • Das Durchschnittsergebnis liegt bei 140 aus 387
Antwortstatistiken
Abkürzung Bundesland Stadt oder Landkreis % Korrekt
CUX Niedersachsen Cuxhaven
80%
BAD Baden-Württemberg Baden-Baden
75%
HEI Schleswig-Holstein Heide
75%
RÜG Mecklenburg-Vorpommern Landkreis Rügen
75%
LEV Nordrhein-Westfalen Leverkusen
75%
AUR Niedersachsen Aurich
73%
HAM Nordrhein-Westfalen Hamm
73%
ROS Mecklenburg-Vorpommern Landkreis Rostock
73%
REG Bayern Regen
73%
EMD Niedersachsen Emden
72%
FÜS Bayern Füssen
72%
BIT Rheinland-Pfalz Bitburg
68%
BOT Nordrhein-Westfalen Bottrop
68%
BRB Brandenburg Brandenburg an der Havel
68%
CLP Niedersachsen Cloppenburg
68%
COE Nordrhein-Westfalen Coesfeld
68%
ERZ Sachsen Erzgebirgskreis
68%
HAL Sachsen-Anhalt Halle (Saale)
68%
PLÖ Schleswig-Holstein Plön
68%
CHA Bayern Cham
67%
TUT Baden-Württemberg Tuttlingen
67%
VEC Niedersachsen Vechta
67%
COC Rheinland-Pfalz Cochem
65%
DEG Bayern Deggendorf
65%
MEI Sachsen Meißen
65%
QLB Sachsen-Anhalt Quedlinburg
65%
WIT Nordrhein-Westfalen Witten
65%
ANA Sachsen Annaberg-Buchholz
63%
TÖL Bayern Bad Tölz
63%
HOM Saarland Homburg
63%
KLE Nordrhein-Westfalen Kleve
63%
HVL Brandenburg Landkreis Havelland
63%
PIR Sachsen Pirna
63%
RÜD Hessen Rüdesheim am Rhein
63%
AIC Bayern Aichach
62%
APD Thüringen Apolda
62%
BOR Nordrhein-Westfalen Borken
62%
DAH Bayern Dachau
62%
DEL Niedersachsen Delmenhorst
62%
DGF Bayern Dingolfing
62%
HRO Mecklenburg-Vorpommern Hansestadt Rostock
62%
HDH Baden-Württemberg Heidenheim an der Brenz
62%
LIP Nordrhein-Westfalen Kreis Lippe
62%
SIG Baden-Württemberg Sigmaringen
62%
STD Niedersachsen Stade
62%
VIE Nordrhein-Westfalen Viersen
62%
AIB Bayern Bad Aibling
60%
EMS Rheinland-Pfalz Bad Ems
60%
ECK Schleswig-Holstein Eckernförde
60%
JÜL Nordrhein-Westfalen Jülich
60%
BIN Rheinland-Pfalz Bingen am Rhein
58%
GTH Thüringen Gotha
58%
KYF Thüringen Kyffhäuserkreis
58%
LER Niedersachsen Leer (Ostfriesland)
58%
WHV Niedersachsen Wilhelmshaven
58%
WOB Niedersachsen Wolfsburg
58%
CAS Nordrhein-Westfalen Castrop-Rauxel
57%
FFB Bayern Fürstenfeldbruck
57%
HER Nordrhein-Westfalen Herne
57%
KEL Baden-Württemberg Kehl
57%
KÖT Sachsen-Anhalt Köthen (Anhalt)
57%
KUS Rheinland-Pfalz Kusel
57%
MÜR Mecklenburg-Vorpommern Landkreis Müritz
57%
WIS Mecklenburg-Vorpommern Landkreis Wismar
57%
MIL Bayern Miltenberg
57%
QFT Sachsen-Anhalt Querfurt
57%
DIN Nordrhein-Westfalen Dinslaken
55%
GAP Bayern Garmisch-Partenkirchen
55%
OAL Bayern Landkreis Ostallgäu
55%
EIL Sachsen-Anhalt Lutherstadt Eisleben
55%
VAI Baden-Württemberg Vaihingen an der Enz
55%
BGD Bayern Berchtesgaden
53%
FDS Baden-Württemberg Freudenstadt
53%
LÜN Nordrhein-Westfalen Lünen
53%
PCH Mecklenburg-Vorpommern Parchim
53%
SÖM Thüringen Sömmerda
53%
WRN Mecklenburg-Vorpommern Waren (Müritz)
53%
BTF Sachsen-Anhalt Bitterfeld-Wolfen
52%
GRZ Thüringen Greiz
52%
LEO Baden-Württemberg Leonberg
52%
MKK Hessen Main-Kinzig-Kreis
52%
MTK Hessen Main-Taunus-Kreis
52%
MZG Saarland Merzig
52%
ÖHR Baden-Württemberg Öhringen
52%
PEG Bayern Pegnitz
52%
SHL Thüringen Suhl
52%
ANK Mecklenburg-Vorpommern Anklam
50%
DLG Bayern Dillingen an der Donau
50%
EBE Bayern Ebersberg
50%
ERK Nordrhein-Westfalen Erkelenz
50%
GLA Nordrhein-Westfalen Gladbeck
50%
HWI Mecklenburg-Vorpommern Hansestadt Wismar
50%
HSK Nordrhein-Westfalen Hochsauerlandkreis
50%
LAN Bayern Landau an der Isar
50%
MOS Baden-Württemberg Mosbach
50%
STA Bayern Starnberg
50%
GOA Rheinland-Pfalz St. Goar
50%
BOG Bayern Bogen
48%
DON Bayern Donauwörth
48%
MYK Rheinland-Pfalz Landkreis Mayen-Koblenz
48%
SLS Saarland Saarlouis
48%
IGB Saarland St. Ingbert
48%
TBB Baden-Württemberg Tauberbischofsheim
48%
ABG Thüringen Altenburg
47%
DAU Rheinland-Pfalz Daun
47%
DIZ Rheinland-Pfalz Diez
47%
MSP Bayern Landkreis Main-Spessart
47%
LRO Mecklenburg-Vorpommern Landkreis Rostock
47%
WAF Nordrhein-Westfalen Warendorf
47%
ALZ Bayern Alzenau
45%
DBR Mecklenburg-Vorpommern Bad Doberan
45%
DUD Niedersachsen Duderstadt
45%
HST Mecklenburg-Vorpommern Hansestadt Stralsund
45%
LDK Hessen Lahn-Dill-Kreis
45%
NMS Schleswig-Holstein Neumünster
45%
NOR Niedersachsen Norden
45%
PAF Bayern Pfaffenhofen an der Ilm
45%
PRÜ Rheinland-Pfalz Prüm
45%
RIE Sachsen Riesa
45%
SIM Rheinland-Pfalz Simmern
45%
WAT Nordrhein-Westfalen Wattenscheid
45%
WES Nordrhein-Westfalen Wesel
45%
BKS Rheinland-Pfalz Bernkastel-Kues
43%
BÜD Hessen Büdingen
43%
BÜR Nordrhein-Westfalen Büren
43%
ERB Hessen Erbach
43%
FEU Bayern Feuchtwangen
43%
GER Rheinland-Pfalz Germersheim
43%
GRM Sachsen Grimma
43%
GUN Bayern Gunzenhausen
43%
KÜN Baden-Württemberg Künzelsau
43%
BGL Bayern Landkreis Berchtesgadener Land
43%
LWL Mecklenburg-Vorpommern Ludwigslust
43%
MON Nordrhein-Westfalen Monschau
43%
NDH Thüringen Nordhausen
43%
SEL Bayern Selb
43%
SON Thüringen Sonneberg
43%
VER Niedersachsen Verden (Aller)
43%
ARN Thüringen Arnstadt
42%
FDB Bayern Friedberg
42%
HBS Sachsen-Anhalt Halberstadt
42%
NWM Mecklenburg-Vorpommern Landkreis Nordwestmecklenburg
42%
LAU Bayern Lauf an der Pegnitz
42%
TIR Bayern Tirschenreuth
42%
DIL Hessen Dillenburg
40%
FRG Bayern Freyung
40%
GEL Nordrhein-Westfalen Geldern
40%
HOR Baden-Württemberg Horb am Neckar
40%
ILL Bayern Illertissen
40%
KEH Bayern Kelheim
40%
OHV Brandenburg Landkreis Oberhavel
40%
MUC Bayern München
40%
SHA Baden-Württemberg Schwäbisch Hall
40%
SDL Sachsen-Anhalt Stendal
40%
WAN Nordrhein-Westfalen Wanne-Eickel
40%
WUN Nayern Wunsiedel
40%
ALF Niedersachsen Alfeld (Leine)
38%
BIR Rheinland-Pfalz Birkenfeld
38%
BOH Nordrhein-Westfalen Bocholt
38%
BRG Sachsen-Anhalt Burg (bei Magdeburg)
38%
BÜS Baden-Württemberg Büsingen am Hochrhein
38%
ESW Hessen Eschwege
38%
GUB Brandenburg Guben
38%
HMÜ Niedersachsen Hann. Münden
38%
SÜW Rheinland-Pfalz Landkreis Südliche Weinstraße
38%
ZEL Rheinland-Pfalz Zell (Mosel)
38%
HEF Hessen Bad Hersfeld
37%
SÄK Baden-Württemberg Bad Säckingen
37%
BRA Niedersachsen Brake (Unterweser)
37%
HGW Mecklenburg-Vorpommern Hansestadt Greifswald
37%
BAR Brandenburg Landkreis Barnim
37%
NEA Bayern Neustadt an der Aisch
37%
SLÜ Hessen Schlüchtern
37%
SDH Thüringen Sondershausen
37%
USI Hessen Usingen
37%
ASL Sachsen-Anhalt Aschersleben
35%
ABI Sachsen-Anhalt Landkreis Anhalt-Bitterfeld
35%
FRI Niedersachsen Landkreis Friesland
35%
NVP Mecklenburg-Vorpommern Landkreis Nordvorpommern
35%
OVP Mecklenburg-Vorpommern Landkreis Ostvorpommern
35%
MHL Thüringen Mühlhausen/Thüringen
35%
NMB Sachsen-Anhalt Naumburg (Saale)
35%
NOM Niedersachsen Northeim
35%
SLF Thüringen Saalfeld/Saale
35%
WTM Niedersachsen Wittmund
35%
BLB Nordrhein-Westfalen Bad Berleburg
33%
DKB Bayern Dinkelsbühl
33%
HAS Bayern Haßfurt
33%
KRU Bayern Krumbach (Schwaben)
33%
EIC Thüringen Landkreis Eichsfeld
33%
ERH Bayern Landkreis Erlangen-Höchstadt
33%
LÖB Sachsen Löbau
33%
MER Sachsen-Anhalt Merseburg
33%
NAI Bayern Naila
33%
GOH Rheinland-Pfalz St. Goarshausen
33%
SUL Bayern Sulzbach-Rosenberg
33%
ANG Brandenburg Angermünde
32%
MGH Baden-Württemberg Bad Mergentheim
32%
BRV Niedersachsen Bremervörde
32%
FKB Hessen Frankenberg (Eder)
32%
MEL Niedersachsen Melle
32%
OCH Bayern Ochsenfurt
32%
OHZ Niedersachsen Osterholz-Scharmbeck
32%
REH Bayern Rehau
32%
ROW Niedersachsen Rotenburg (Wümme)
32%
SGH Sachsen-Anhalt Sangerhausen
32%
SCZ Thüringen Schleiz
32%
SAD Bayern Schwandorf
32%
SFB Brandenburg Senftenberg
32%
WND Saarland St. Wendel
32%
VIB Bayern Vilsbiburg
32%
WIZ Hessen Witzenhausen
32%
BER Brandenburg Bernau bei Berlin
30%
BNA Sachsen Borna
30%
BLK Sachsen-Anhalt Burgenlandkreis
30%
EIN Niedersachsen Einbeck
30%
HBN Thüringen Hildburghausen
30%
MGN Thüringen Meiningen
30%
NAU Brandenburg Nauen
30%
NOH Niedersachsen Nordhorn
30%
OTW Saarland Ottweiler
30%
PAN Bayern Pfarrkirchen
30%
WIL Rheinland-Pfalz Wittlich
30%
DAN Niedersachsen Dannenberg (Elbe)
28%
GRA Bayern Grafenau
28%
HGN Mecklenburg-Vorpommern Hagenow
28%
HCH Baden-Württemberg Hechingen
28%
ROT Bayern Rothenburg ob der Tauber
28%
ZIG Hessen Ziegenhain
28%
KÖZ Bayern Bad Kötzting
27%
REI Bayern Bad Reichenhall
27%
BID Hessen Biedenkopf
27%
BCH Baden-Württemberg Buchen
27%
BÜZ Mecklenburg-Vorpommern Bützow
27%
FLÖ Sachsen Flöha
27%
FTL Sachsen Freital
27%
KIB Rheinland-Pfalz Kirchheimbolanden
27%
LIF Bayern Lichtenfels
27%
OHA Niedersachsen Osterode am Harz
27%
SPB Brandenburg Spremberg
27%
WAR Nordrhein-Westfalen Warburg
27%
GRI Bayern Bad Griesbach im Rottal
25%
CLZ Niedersachsen Clausthal-Zellerfeld
25%
EBN Bayern Ebern
25%
HÖS Bayern Höchstadt an der Aisch
25%
MÜL Baden-Württemberg Müllheim im Markgräferland
25%
NEB Sachsen-Anhalt Nebra (Unstrut)
25%
NEW Bayern Neustadt an der Waldnaab
25%
SLK Sachsen-Anhalt Salzlandkreis
25%
WSF Sachsen-Anhalt Weißenfels
25%
WUR Sachsen Wurzen
25%
NES Bayern Bad Neustadt an der Saale
23%
SLG Baden-Württemberg Bad Saulgau
23%
BBG Sachsen-Anhalt Bernburg (Saale)
23%
BIW Sachsen Bischofswerda
23%
HDL Sachsen-Anhalt Haldensleben
23%
HIP Bayern Hilpoltstein
23%
AZE Sachsen-Anhalt Landkreis Anhalt-Zerbst
23%
LDS Brandenburg Landkreis Dahme-Spreewald
23%
MOL Brandenburg Landkreis Märkisch-Oderland
23%
MSE Mecklenburg-Vorpommern Landkreis Mecklenburgische Seenplatte
23%
MÜB Bayern Münchberg
23%
NAB Bayern Nabburg
23%
ROF Hessen Rotenburg an der Fulda
23%
SAB Rheinland-Pfalz Saarburg
23%
STO Baden-Württemberg Stockach
23%
UFF Bayern Uffenheim
23%
WAK Thüringen Wartburgkreis
23%
WEN Bayern Weiden in der Oberpfalz
23%
WOR Bayern Wolfratshausen
23%
ART Thüringen Artern
22%
DÜW Rheinland-Pfalz Bad Dürkheim an der Weinstraße
22%
LSZ Thüringen Bad Langensalza
22%
SWA Hessen Bad Schwalbach
22%
FOR Brandenburg Forst (Lausitz)
22%
GDB Mecklenburg-Vorpommern Gadebusch
22%
GAN Niedersachsen Gandersheim
22%
GNT Sachsen-Anhalt Genthin
22%
GEO Bayern Gerolzhofen
22%
GVM Mecklenburg-Vorpommern Grevesmühlen
22%
HAB Bayern Hammelburg
22%
HET Sachsen-Anhalt Hettstedt
22%
LOS Brandenburg Landkreis Oder-Spree
22%
LBZ Mecklenburg-Vorpommern Lübz
22%
MED Schleswig-Holstein Meldorf
22%
MEG Hessen Melsungen
22%
NEC Bayern Neustadt bei Coburg
22%
OBB Bayern Obernburg am Main
22%
OVI Bayern Oberviechtach
22%
PAR Bayern Parsberg
22%
ROK Rheinland-Pfalz Rockenhausen
22%
ROD Bayern Roding
22%
SOK Thüringen Saale-Orla-Kreis
22%
SRO Thüringen Stadtroda
22%
TET Mecklenburg-Vorpommern Teterow
22%
VOH Bayern Vohenstrauß
22%
WZL Sachsen-Anhalt Wanzleben-Börde
22%
WUG Bayern Weißenburg in Bayern
22%
WST Niedersachsen Westerstede
22%
BRL Niedersachsen Braunlage
20%
BUL Bayern Burglengenfeld
20%
HOG Hessen Hofgeismar
20%
KEM Bayern Kemnath
20%
SPN Brandenburg Landkreis Spree-Neiße
20%
SHK Thüringen Saale-Holzland-Kreis
20%
SAW Sachsen-Anhalt Salzwedel
20%
SLE Nordrhein-Westfalen Schleiden
20%
SOG Bayern Schongau
20%
SOB Bayern Schrobenhausen
20%
SMÜ Bayern Schwabmünchen
20%
SHG Niedersachsen Stadthagen
20%
UEM Mecklenburg-Vorpommern Ueckermünde
20%
VIT Bayern Viechtach
20%
WLG Mecklenburg-Vorpommern Wolgast
20%
WBS Thüringen Worbis
20%
BRK Bayern Bad Brückenau
18%
KÖN Bayern Bad Königshofen im Grabfeld
18%
LBS Thüringen Bad Lobenstein
18%
SLZ Thüringen Bad Salzungen
18%
STE Bayern Bad Staffelstein
18%
ESB Bayern Eschenbach in der Oberpfalz
18%
GMN Mecklenburg-Vorpommern Grimmen
18%
HEB Bayern Hersbruck
18%
HOH Bayern Hofheim in Unterfranken
18%
HHM Sachsen-Anhalt Hohenmölsen
18%
HOL Niedersachsen Holzminden
18%
KLZ Sachsen-Anhalt Klötze
18%
LUP Mecklenburg-Vorpommern Landkreis Ludwigslust-Parchim
18%
MSH Sachsen-Anhalt Landkreis Mansfeld-Südharz
18%
MST Mecklenburg-Vorpommern Landkreis Mecklenburg-Strelitz
18%
MAL Bayern Mallersdorf-Pfaffenberg
18%
MOD Bayern Marktoberdorf
18%
MAK Bayern Marktredwitz
18%
MET Bayern Mellrichstadt
18%
RDG Mecklenburg-Vorpommern Ribnitz-Damgarten
18%
RID Bayern Riedenburg
18%
RSL Sachsen-Anhalt Roßlau (Elbe)
18%
SAN Bayern Stadtsteinach
18%
WÜM Bayern Waldmünchen
18%
WSW Sachsen Weißwasser/Oberlausitz
18%
WOL Baden-Württemberg Wolfach
18%
WMS Sachsen-Anhalt Wolmirstedt
18%
FRW Brandenburg Bad Freienwalde (Oder)
17%
EBS Bayern Ebermannstadt
17%
GHC Sachsen-Anhalt Gräfenhainichen
17%
HIG Thüringen Heilbad Heiligenstadt
17%
OSL Brandenburg Landkreis Oberspreewald-Lausitz
17%
MAI Bayern Mainburg
17%
MAB Sachsen Marienberg
17%
OBG Sachsen-Anhalt Osterburg (Altmark)
17%
SDT Brandenburg Schwedt/Oder
17%
SEB Sachsen Sebnitz
17%
SFT Sachsen-Anhalt Staßfurt
17%
STB Mecklenburg-Vorpommern Sternberg
17%
STL Sachsen Stollberg/Erzgebirge
17%
SBG Mecklenburg-Vorpommern Strasburg (Uckermark)
17%
TDO Sachsen Torgau, Delitzsch, Oschatz
17%
WDA Sachsen Werdau
17%
LIB Brandenburg Bad Liebenwerda
15%
BED Sachsen Brand-Erbisdorf
15%
HOT Sachsen Hohenstein-Ernstthal
15%
OPR Brandenburg Landkreis Ostprignitz-Ruppin
15%
UER Mecklenburg-Vorpommern Landkreis Uecker-Randow
15%
MEK Sachsen Mittlerer Erzgebirgskreis
15%
NEN Bayern Neunburg vorm Wald
15%
OVL Sachsen Obervogtland
15%
ROL Bayern Rottenburg an der Laaber
15%
SLN Thüringen Schmölln
15%
SZB Sachsen Schwarzenberg/Erzgebirge
15%
SEE Brandenburg Seelow
15%
WER Bayern Wertingen
15%
BSB Niedersachsen Bersenbrück
13%
EIS Thüringen Eisenberg
13%
GRH Sachsen Großenhain
13%
ASZ Sachsen Landkreis Aue-Schwarzenberg
13%
WOS Bayern Landkreis Wolfstein
13%
NOL Sachsen Niederschlesischer Oberlausitzkreis
13%
SEF Bayern Scheinfeld
13%
SRB Brandenburg Strausberg
13%
NEU Baden-Württemberg Titisee-Neustadt
13%
WEL Hessen Weilburg
13%
WOH Hessen Wolfhagen
13%
BSK Brandenburg Beeskow
12%
GHA Sachsen Geithain
12%
MTL Sachsen Muldentalkreis
12%
SBK Sachsen-Anhalt Schönebeck (Elbe)
12%
WTL Niedersachsen Wittlage
12%
Keine übereinstimmenden Quizze gefunden
Verteilung der Resultate
Anzahl Personen mit jedem Resultat
Perzentil nach korrekt beantworteten Fragen
Ihre Resultats-Entwicklung
Sie haben dieses Quiz noch nicht gespielt